000 00353nam a2200145Ia 4500
008 220803s9999 xx 000 0 und d
020 _a9789381626245
041 _aeng
082 _a722.44 LID
100 _aLiddle Swapna
_927310
245 _aDelhi : 14 Historic Walks
260 _aNew Delhi
_bWestland Ltd
_c2011
300 _a292p
500 _aARCHI
999 _c17380
_d17380